[Event "POL-ch Academic"]
[Site "Katowice"]
[Date "2018.02.02"]
[Round "1"]
[White "Pokarowski, Maciej"]
[Black "Reza, Wojciech"]
[Result "0-1"]
[WhiteElo "1708"]
[BlackElo "2283"]
[PlyCount "128"]
[EventDate "2018.02.02"]
[EventType "swiss (rapid)"]
[EventRounds "9"]
[EventCountry "POL"]
[SourceTitle "CBM 182 Extra"]
[Source "ChessBase"]
[SourceDate "2018.02.23"]
[SourceVersion "1"]
[SourceVersionDate "2018.02.23"]
[SourceQuality "1"]

1. e4 c5 2. c3 Nf6 3. e5 Nd5 4. d4 cxd4 5. cxd4 d6 6. Nf3 Nc6 7. Bc4 Nb6 8. Bb3 dxe5 9. dxe5 Qxd1+ 10. Bxd1 Bg4 11. 0-0 e6 12. Nc3 Be7 13. Bf4 0-0 14. Be2 Rac8 15. Rfd1 Nb4 16. Rac1 N4d5 17. Nxd5 Nxd5 18. Bd2 h6 19. h3 Bh5 20. Nd4 Bxe2 21. Nxe2 Rfd8 22. Rxc8 Rxc8 23. Rc1 Rd8 24. Ba5 Rd7 25. g3 g5 26. Nc3 b6 27. Nxd5 Rxd5 28. Bc3 Kg7 29. Kg2 Kg6 30. Kf3 h5 31. Ke4 Bc5 32. f4 Rd7 33. Rf1 Be7 34. Rf2 Rd1 35. Rd2 Rg1 36. Rd3 Bc5 37. Bd4 Bxd4 38. Kxd4 gxf4 39. gxf4 Kf5 40. Rf3 Rg2 41. Rc3 Kxf4 42. Rc7 Rxb2 43. Rxf7+ Kg3 44. Rh7 h4 45. Rxa7 Kxh3 46. Re7 Kg2 47. Rg7+ Kh2 48. Rg6 h3 49. Rxe6 Kg2 50. Rg6+ Kf3 51. Rf6+ Kg4 52. Rg6+ Kh5 53. Rg8 h2 54. e6 Re2 55. Kd5 Kh6 56. Rh8+ Kg7 57. Rh3 Kf6 58. Rf3+ Ke7 59. Rf7+ Ke8 60. Rh7 Rxa2 61. Kd6 Rd2+ 62. Kc7 b5 63. Kc6 b4 64. Kc5 b3 0-1

[Event "Tomaszow Lubelski Cup"]
[Site "Tomaszow Lubelski"]
[Date "2011.01.17"]
[Round "?"]
[White "Pokarowski, Maciej"]
[Black "Pietras, Daniel"]
[Result "1-0"]
[WhiteElo "1715"]
[BlackElo "1443"]
[PlyCount "83"]
[EventDate "2011.01.17"]
[EventType "tourn"]
[EventRounds "7"]
[EventCountry "POL"]
[SourceTitle "EXT 2023"]
[Source "ChessBase"]
[SourceDate "2022.10.05"]
[SourceVersion "1"]
[SourceVersionDate "2022.10.05"]
[SourceQuality "1"]

1. e4 c5 2. c3 d6 3. d4 cxd4 4. cxd4 g6 5. Nf3 Bg7 6. Bc4 Nc6 7. 0-0 Nf6 8. Nc3 0-0 9. h3 a6 10. a4 Bd7 11. Be3 Rc8 12. Be2 Re8 13. Qd2 Na5 14. Ra3 Nc4 15. Bxc4 Rxc4 16. e5 dxe5 17. dxe5 Nh5 18. Rd1 e6 19. Qxd7 Qxd7 20. Rxd7 f6 21. exf6 Nxf6 22. Rxb7 Ne4 23. Nxe4 Rxe4 24. b4 Bf8 25. Rb3 a5 26. Bc5 Bxc5 27. bxc5 Rxa4 28. c6 Rc4 29. Ne5 Rc5 30. R3b5 Rc1+ 31. Kh2 Rc8 32. Rb8 Rxb8 33. Rxb8+ Kg7 34. Rb7+ Kf6 35. Ng4+ Kg5 36. Kg3 Rc3+ 37. f3 e5 38. Rb5 Kh5 39. Rxe5+ g5 40. Re6 Rxc6 41. Rxc6 a4 42. Rh6# 1-0